| 000 | 00851cab a2200217 4500 | ||
|---|---|---|---|
| 001 | ABS54443 | ||
| 008 | 090401t1995 xxu||||| |||| 00| 0 eng d | ||
| 035 | _a(Sirsi) u10372 | ||
| 041 | _aeng | ||
| 245 | _aWoodland management on shooting and non-shooting estates | ||
| 260 | _c1995 | ||
| 350 | _a0 | ||
| 490 |
_aRural Property Bulletin _vNovember/December 1995, 31-33(3) |
||
| 520 | _aCompares woodland management on shooting and non-shooting estates based on research by the Seal Hayne Faculty of Agriculture, Food and Land Use at the University of Plymouth, which showed that shooting estates were significantly more likely to retain and actively manage woodlands. References. | ||
| 650 | _aGAME MANAGEMENT | ||
| 650 | _aSHOOTING ESTATES | ||
| 650 | _aWOODLAND MANAGEMENT | ||
| 690 | _aRURAL PRACTICE | ||
| 942 | _n0 | ||
| 948 | _c04/03/1997 | ||
| 999 |
_c6534 _d6534 |
||